Ασκήσεις μαθηματικής αναλύσεως

Αποθηκεύτηκε σε:
Λεπτομέρειες βιβλιογραφικής εγγραφής
Κύριος συγγραφέας: Ζήβας, Μαρίνος
Μορφή: Βιβλίο
Γλώσσα:Greek
Δημοσίευση: Αθήνα : Gutenberg, 1984.
Θέματα:
Ετικέτες: Προσθήκη ετικέτας
Δεν υπάρχουν, Καταχωρήστε ετικέτα πρώτοι!

MARC

LEADER 00000cam a2200000 i 4500
001 1/12507
008 110318r19851984gr | ||| |||| ||gre||
035 |l 10109814 
040 |a GR-MyUA  |b gre  |e AACR2 
041 0 |a gre 
082 0 |a 515.1  |2 (22) 
100 1 |a Ζήβας, Μαρίνος. 
245 1 0 |a Ασκήσεις μαθηματικής αναλύσεως /   |c Μαρίνου Ζήβα.  
260 |a Αθήνα :   |b Gutenberg,   |c 1984.  
300 |a 270 σ. ;   |c 24 εκ.  
505 0 |a Λυμένες ασκήσεις του βιβλίου της θεωρίας - Γενικές ασκήσεις λυμένες.  
650 0 0 |a Mathematical analysis  |x Problems, exercises, etc. 
650 0 0 |a Functions  |x Problems, exercises, etc. 
852 |a INST  |b SAMOS  |c MAG  |e 20110318  |h 515.1 ZHB  |p 005300032880  |q 005300032880  |t BK  |y 0 
852 |a INST  |b SAMOS  |c MAG  |e 20190517  |h 515.1 ZHB  |p 005300045941  |q 005300045941  |t BK  |y 0 
901 |a BIBL3-2011-1 
909 |a Σ  |b 166993 
920 |a ΜΑΓΕΙΡΑΣ  |b ΠΑΝΑΓΙΩΤΗΣ  |y Σάμος  |z 2008-09 
970 |a ΓΟΥΒΑΛΑ  |b ΒΑΣΩ  |z 2011/03/18